000
00314nam a22001457a 4500
008
231004b ||||| |||| 00| 0 eng d
020
_a
3540194843
041
_a
eng
080
_a
101
082
_a
101BLI
100
_a
44
101
_a
ASTRO
245
_a
LECTURE NOTES IN PHYSICS
_c
BLITZ.L
942
_2
udc
_c
BK
999
_c
60423
_d
60423